| 000 -LEADER |
| fixed length control field |
00539nam a2200181Ia 4500 |
| 008 - FIXED-LENGTH DATA ELEMENTS--GENERAL INFORMATION |
| fixed length control field |
190805s9999||||xx |||||||||||||| ||und|| |
| 020 ## - INTERNATIONAL STANDARD BOOK NUMBER |
| International Standard Book Number |
9780198075554 |
| Terms of availability |
Rs. 165.00 |
| 040 ## - CATALOGING SOURCE |
| Original cataloging agency |
IMU Kochi Library |
| 082 04 - DEWEY DECIMAL CLASSIFICATION NUMBER |
| Classification number |
423 |
| Item number |
Ox25 |
| Edition number |
23 |
| 245 10 - TITLE STATEMENT |
| Title |
Oxford English Mini Dictionary / |
| 250 ## - EDITION STATEMENT |
| Edition statement |
7th ed. |
| 260 ## - PUBLICATION, DISTRIBUTION, ETC. (IMPRINT) |
| Place of publication, distribution, etc |
New Delhi : |
| Name of publisher, distributor, etc |
Oxford University Publications, |
| Date of publication, distribution, etc |
2007, reprinted 2015 |
| 300 ## - PHYSICAL DESCRIPTION |
| Extent |
648 p. |
| Other physical details |
: |
| Dimensions |
; 12 cm. |
| 650 #0 - SUBJECT ADDED ENTRY--TOPICAL TERM |
| Topical term or geographic name as entry element |
English language |
| Form subdivision |
Dictionaries |
| 700 1# - ADDED ENTRY--PERSONAL NAME |
| Personal name |
Soanes, Catherine |
| 852 ## - LOCATION/CALL NUMBER |
| Location |
IMU Kochi Library |
| 942 ## - ADDED ENTRY ELEMENTS (KOHA) |
| Item type |
Books |